El mirador de Próspero
Збережено в:
| Автор: | |
|---|---|
| Формат: | Книга |
| Мова: | Іспанська |
| Опубліковано: |
Barcelona
Cervantes
1928
|
| Редагування: | 3a. ed |
| Серія: | Obras Completas de José Enrique Rodó
|
| Предмети: | |
| Теги: |
Додати тег
Немає тегів, Будьте першим, хто поставить тег для цього запису!
|
MARC
| LEADER | 00000nam a2200000 a 4500 | ||
|---|---|---|---|
| 001 | UCZ5987 | ||
| 003 | CL-VaPUC | ||
| 008 | 951130e19280000SP |||||||||||||||||spa|d | ||
| 082 | 0 | 4 | |a Ur860.9 |b ROD |2 21 |
| 100 | 0 | |a Rodó, José Enrique |e author |9 313720 | |
| 245 | 1 | 3 | |a El mirador de Próspero |
| 250 | |a 3a. ed | ||
| 300 | |a 461 p | ||
| 942 | |c BK | ||
| 945 | |d 19951130 00:00:00 |a rleighto | ||
| 260 | |a Barcelona |b Cervantes |c 1928 | ||
| 650 | 0 | |a Literatura uruguaya |9 342815 | |
| 650 | 0 | |a Crítica literaria |9 269189 | |
| 583 | |a last modification |c 19951130 00:00:00 |k Rodrigo Vera | ||
| 490 | 0 | |a Obras Completas de José Enrique Rodó | |
| 999 | |c 242255 |d 242253 | ||
| 952 | |0 0 |1 0 |4 0 |6 UR_860_900000000000000_ROD_1928 |7 0 |8 A |9 255074 |a BIBEDU |b BIBEDU |d 2019-11-19 |i 3157369 |o Ur860.9 ROD 1928 |p 3157369 |r 2019-11-19 |w 2019-11-19 |y BK |k LIT | ||